LEADER 02452nam a2200373 a 4500 001 000000117310 003 CaOOAMICUS 005 20091008151353.0 008 091008s1533 gw u000 u ger r 026 $aennk a.ht$bchg- enda (C)$c1533 (R) 040 $aPUL$bita$dARIA 100 1 $aCochlaeus, Johannes,$d1479-1552.$0(OLS)http://pul/name/10722 245 10$aAuff Luthers Trostbrieff an ettliche zu Leyptzigk, Antwort und grundtliche unterricht, was mit denselbigen gehandelt Und von beider gstalt des Sacraments : Mit einer Vorrede von grossem Schaden des Teutschen Lands, aus Luthers Schrifften. 260 $c1533$e(Dresden :$fWolffgang Stockel) 300 $a[40] c. ;$c4° (19 cm) 500 $aSegnatura: a-k4 500 $aStemma sul front. 500 $aIn calce al front. Es werden unter euch sein lugenhafftige Meister die werden einfuhren Secten des verderbens etc. 500 $aPresenza di manicule stampate. 662 $aGermania$dDresda.$0(OLS)http://pul/subject/35728 700 1 $aLuther, Martin,$d1483-1546.$0(OLS)http://pul/name/1508 710 0 $aStöckel, Wolfgang$4pbl.$0(OLS)http://pul/name/73134 787 0 $aCochlaeus, Johannes 1479-1552.$tHertzog Georgens zu Sachssen Ehrlich und grundtliche entschuldigung, wider Martin Luthers auffruerisch und verlogenne Brieff und Verantwortung.$dDresden[s.n.], 1533$w()117304 787 0 $aCochlaeus, Johannes 1479-1552.$tAuff Luthers kleine antwort ein kurtze widerrede Hertzog Georgen zu Sachssen betreffend.$dDresden : Wolffgang Stockel Buchdrucker, 1533$w()117315 850 $aPUL 852 $aPUL$W1$xDP1 Antico 500$y12$m109 F 1 int.2$j134603$qStampati Antico$B133574$CPULBib$Z2$F133574 $82 856 0$uhttp://aquabrowser.pul.it/cinquecentine/109F1int.2-1.jpg 900 $aLuter, Martin,$d1483-1546$91508 900 $aMartin Lutero,$d1483-1546$91508 900 $aLutero, Martino,$d1483-1546$91508 941 1 $a15 961 $aStemma dell'ordine dei Gesuiti (JHS) sul dorso.Stemma di Gregorio XIII sul dorso.Rilegato con: Hertzog Georgens zu Sachffen...Rilegato con: Auff Luthers kleine antworte... 996 $6245$aAuff Luthers Trostbrieff an ettliche zu Leyptzigk, Antwort und grundtliche unterricht, was mit denselbigen gehandelt Und von beider gstalt des Sacraments : Mit einer Vorrede von grossem Schaden des Teutschen Lands, aus Luthers Schrifften.$9(OLS)http://pul/title/147614 996 $6260$a[S.l.] :$b[s.n.]$9(OLS)http://pul/publisher/0 LEADER 01246nam a2200289 u 4500 001 000000116095 003 CaOOAMICUS 005 20090610152142.0 008 090610s2007 enkaf u000 u eng r 020 $z978-0-19-921213-2* 040 $aPUL$bita$dLDB 041 1 $aeng$acop 100 1 $aTuckett, C. M.$q(Christopher Mark).$0(OLS)http://pul/name/9796 245 14$aThe Gospel of Mary /$cChristopher Tuckett. 260 $aOxford ;$aNew York :$bOxford University Press,$c2007. 300 $axvii, 226 p., [12] p. di tav. :$bill. ;$c23 cm 490 1 $aOxford early Christian Gospel texts 504 $aBibliografia: p. [207]-213. 546 $aTesto in inglese, brani in copto. 630 04$aApocrypha$pN.T.$kMss. copti.$0(OLS)http://pul/subject/35461 830 0$aOxford early Christian Gospel texts.$0(OLS)http://pul/title/145895 850 $aPUL 852 $aPUL$W1$xSL Religione 3$y85$m229. 8 TUCCH 1$j133019$qDDC 21$B132031$CPULBib$Z2$F132031 $H110624 $82 941 1 $a9 996 $6020$z978-0-19-921213-2*$9(OLS)http://pul/number/141057 996 $6245$aThe Gospel of Mary$9(OLS)http://pul/title/145896 996 $6260$aOxford ;$aNew York :$bOxford University Press$9(OLS)http://pul/publisher/74678